000 00621nam a2200217Ia 4500
005 20260429111901.0
008 260429s9999||||xx |||||||||||||| ||und||
020 _a9789325982383
041 _aEnglish
082 _a070
_bRED
100 _aReddy, kovuuri G
245 0 _aHandbook of journalism and media :
_bIndia, Bharat, Hindustan /
_ckovuuri G Reddy
260 _aUttar Pradesh :
_bVikas Publishing house ,
_c2015.
300 _aviii, 471 p.; hb
650 _a Communication studies
650 _a Indian media
650 _a Mass media
650 _a News reporting
650 _aJournalism
942 _cTB
999 _c51267
_d51267